ბათუმის შოთა რუსთაველის სახელმწიფო უნივერსიტეტის ბიბლიოთეკა

Clinically oriented anatomy / (ბიბ.ჩანაწერი № 57690)

000 -LEADER
fixed length control field 01217cam a2200313 i 4500
001 - CONTROL NUMBER
control field 19563659
005 - DATE AND TIME OF LATEST TRANSACTION
control field 20221105211847.0
008 - FIXED-LENGTH DATA ELEMENTS--GENERAL INFORMATION
fixed length control field 170320s2018 paua b 001 0 eng
010 ## - LIBRARY OF CONGRESS CONTROL NUMBER
LC control number 2017013157
020 ## - INTERNATIONAL STANDARD BOOK NUMBER
International Standard Book Number 9781496354044ნ 1
035 ## - SYSTEM CONTROL NUMBER
System control number (DNLM)101702498
041 ## - LANGUAGE CODE
Language code of text/sound track or separate title eng
080 ## - UNIVERSAL DECIMAL CLASSIFICATION NUMBER
Universal Decimal Classification number 611 M-83
100 1# - MAIN ENTRY--PERSONAL NAME
Personal name Moore, Keith L.,
Relator term author.
9 (RLIN) 9461
245 10 - TITLE STATEMENT
Title Clinically oriented anatomy /
Statement of responsibility, etc. Keith L. Moore, Arthur F. Dalley, Anne M. R. Agur.
250 ## - EDITION STATEMENT
Edition statement Eighth edition.
264 #1 - PRODUCTION, PUBLICATION, DISTRIBUTION, MANUFACTURE, AND COPYRIGHT NOTICE
Place of production, publication, distribution, manufacture Philadelphia :
Name of producer, publisher, distributor, manufacturer Wolters Kluwer,
Date of production, publication, distribution, manufacture, or copyright notice [2018].
300 ## - PHYSICAL DESCRIPTION
Extent 1153 pages :
Other physical details illustrations (chiefly color) ;
Dimensions 28 cm.
504 ## - BIBLIOGRAPHY, ETC. NOTE
Bibliography, etc. note Includes bibliographical references (pages 1093-1096) and index.
505 0# - FORMATTED CONTENTS NOTE
Formatted contents note Overview and basic concepts -- Back -- Upper limb -- Thorax -- Abdomen -- Pelvis and perineum -- Lower limb -- Head -- Neck -- Cranial nerves.
650 #0 - SUBJECT ADDED ENTRY--TOPICAL TERM
Topical term or geographic name entry element Human anatomy.
9 (RLIN) 9462
650 #0 - SUBJECT ADDED ENTRY--TOPICAL TERM
Topical term or geographic name entry element Anatomy, Pathological.
9 (RLIN) 9463
650 12 - SUBJECT ADDED ENTRY--TOPICAL TERM
Topical term or geographic name entry element Anatomy
9 (RLIN) 9464
653 ## - INDEX TERM--UNCONTROLLED
keyword ადამიანის ანატომია
653 ## - INDEX TERM--UNCONTROLLED
keyword მედიცინა
700 1# - ADDED ENTRY--PERSONAL NAME
Personal name Agur, A. M. R.,
Relator term ავტორი
9 (RLIN) 9465
700 1# - ADDED ENTRY--PERSONAL NAME
Personal name Dalley, Arthur F.,
Titles and other words associated with a name II,
Relator term ავტორი
9 (RLIN) 9466
942 ## - ADDED ENTRY ELEMENTS (KOHA)
Source of classification or shelving scheme
Koha item type წიგნი
ეგზემპლარები
Withdrawn status Lost status Source of classification or shelving scheme Damaged status Not for loan Permanent Location Current Location Shelving location Date acquired Cost, normal purchase price Full call number Barcode Date last seen Copy number Price effective from Koha item type Public note
          ბათუმის შოთა რუსთაველის სახელმწიფო უნივერსიტეტის მთავარი ბიბლიოთეკა ბათუმის შოთა რუსთაველის სახელმწიფო უნივერსიტეტის მთავარი ბიბლიოთეკა წიგნსაცავი 2020-09-09 219.45 611 M-83 61015 2020-09-09 61015 2020-09-09 წიგნი 219 ლ. 45 თ.